Jak rozvíjet místní cestovní ruch
Uložené v:
| Hlavný autor: | |
|---|---|
| Ďalší autori: | |
| Médium: | Kniha |
| Jazyk: | Czech |
| Vydavateľské údaje: |
Praha
GRADA Publishing
2001
|
| Edícia: | Manažer
|
| Predmet: | |
| Tagy: |
Žiadne tagy, Buďte prvý, kto otaguje tento záznam!
|
MARC
| LEADER | 00000nam a2200000 4500 | ||
|---|---|---|---|
| 001 | c130100 | ||
| 005 | 20221124103329.2 | ||
| 020 | |a 80-247-0207-X | ||
| 041 | 0 | |a cze | |
| 044 | |a CZ | ||
| 245 | 1 | 0 | |a Jak rozvíjet místní cestovní ruch |c Miloslav Foret, Věra Foretová |
| 264 | 1 | |a Praha |b GRADA Publishing |c 2001 | |
| 300 | |a 178 s. | ||
| 490 | 1 | |a Manažer | |
| 830 | 0 | |a Manažer | |
| 610 | 2 | 0 | |a ruch cestovný |
| 610 | 2 | 0 | |a ruch cestovný mestský |
| 610 | 2 | 0 | |a ruch cestovný vidiecky |
| 610 | 2 | 0 | |a nástroje marketingové |
| 610 | 2 | 0 | |a marketing mix |
| 610 | 2 | 0 | |a analýza swot |
| 610 | 2 | 0 | |a správa verejná |
| 610 | 2 | 0 | |a systémy informačné |
| 610 | 2 | 0 | |a porovnanie medzinárodné |
| 610 | 2 | 0 | |a múzeá |
| 100 | 1 | |a Foret, Miloslav | |
| 700 | 1 | |a Foretová, Věra | |